000 00626nam a2200205 a 4500
005 20240924070343.0
008 021023s2007 mx r 000 0 spa d
020 _a9788493517519
035 _aUPN01000120413
049 _aCG
050 4 _aPQ6722 I4
_bB6.7a
100 1 _aVillar Pinto, Miguel Angel,
_d1977-
_934407
245 1 4 _aLos bosques perdidos /
_cMiguel Angel Villar Pinto ; il. Alvaro Busto Castelli.
260 _aAndalucía, Esp. :
_bEdimáter,
_c2007.
300 _a122 p. :
_bil.
440 3 _aLa Vía Láctea
650 0 _aLiteratura juvenil española
_912359
650 0 _aFantasía
_911180
905 _aLibro
999 _c92747
_d92747